เมืองไทยที่ข้าพเจ้ารู้จัก [2nd] (ระเบียนเลขที่ 2221)
| 000 -LEADER | |
|---|---|
| fixed length control field | 00737nam a22002057a 4500 |
| 005 - DATE AND TIME OF LATEST TRANSACTION | |
| control field | 20210325173744.0 |
| 008 - FIXED-LENGTH DATA ELEMENTS--GENERAL INFORMATION | |
| fixed length control field | s2525 th tha d |
| 041 ## - LANGUAGE CODE | |
| Language code of text/sound track or separate title | tha |
| 050 ## - LIBRARY OF CONGRESS CALL NUMBER | |
| Classification number | BV3317 ม8ก3 |
| 100 0# - MAIN ENTRY--PERSONAL NAME | |
| Personal name | แมคกิลวารี, แดเนียล |
| 245 10 - TITLE STATEMENT | |
| Title | เมืองไทยที่ข้าพเจ้ารู้จัก [2nd] |
| 260 3# - PUBLICATION, DISTRIBUTION, ETC. | |
| Place of publication, distribution, etc. | กรุงเทพฯ : |
| Name of publisher, distributor, etc. | สุริยบรรณ, |
| Date of publication, distribution, etc. | 2525 |
| 300 ## - PHYSICAL DESCRIPTION | |
| Extent | 87 หน้า : |
| Other physical details | ภาพประกอบ |
| 650 04 - SUBJECT ADDED ENTRY--TOPICAL TERM | |
| Topical term or geographic name entry element | คริสตศาสนา -- ไทย |
| 650 04 - SUBJECT ADDED ENTRY--TOPICAL TERM | |
| Topical term or geographic name entry element | มิสชันนารี -- ไทย |
| 850 ## - HOLDING INSTITUTION | |
| Holding institution | NALT |
| 942 ## - ADDED ENTRY ELEMENTS (KOHA) | |
| Koha item type | General Book |
| 997 ## - | |
| -- | 000000000002221 |
| 998 ## - LOCAL CONTROL INFORMATION (RLIN) | |
| -- | Narumon Suwan |
| Withdrawn status | Lost status | Damaged status | Not for loan | Collection code | Home library | Current library | Total Checkouts | Full call number | Barcode | Date last seen | Price effective from | Koha item type |
|---|---|---|---|---|---|---|---|---|---|---|---|---|
| General Book collection | National Assembly Library of Thailand | National Assembly Library of Thailand | BV 3317 ม8ก3 | 3961100615 | 09/06/2017 | 09/06/2017 | General Book |
